000 00652nam a2200289Ia 4500
005 20260324133538.0
008 008 260324s9999 xx 000 0 eng d
020 _a9781315835655
037 _aEBOOK
040 _aCRL
040 _beng
040 _cCRL
041 _2eng
041 _aeng
084 _qCRL
100 _aM.S. Anderson
_91193500
245 4 _aThe Ascendancy of Europe
245 0 _b1815-1914
260 _bTaylor and Francis
260 _c2003
365 _a
365 _b230
856 _uhttp://www.taylorfrancis.com/books/9781315835655
942 _cEBOOK
999 _c1792640
_d1792640